Glanz und elend Su¨d-Amerikas (Record no. 6859)
[ view plain ]
| 000 -CABECERA | |
|---|---|
| campo de control de longitud fija | 00558nam a2200181 a 4500 |
| 001 - NÚMERO DE CONTROL | |
| campo de control | BRCA_7178 |
| 005 - FECHA Y HORA DE LA ÚLTIMA TRANSACCIÓN | |
| campo de control | 20190320205736.0 |
| 008 - DATOS DE LONGITUD FIJA--INFORMACIÓN GENERAL | |
| campo de control de longitud fija | 130112s1931----gw-ab#####---#000-0#ger-# |
| 100 1# - ENTRADA PRINCIPAL--NOMBRE DE PERSONA | |
| Nombre de persona | Edschmid, Kasimir |
| Fechas asociadas al nombre | 1890-1966. |
| 9 (RLIN) | 17797 |
| 245 10 - MENCIÓN DE TÍTULO | |
| Título | Glanz und elend Su¨d-Amerikas |
| Resto del título | Roman eines erdteils |
| Mención de responsabilidad, etc. | Kasimir Edschmid. |
| 260 ## - PUBLICACIÓN, DISTRIBUCIÓN, ETC. | |
| Lugar de publicación, distribución, etc. | Frankfurt, Alemania |
| Nombre del editor, distribuidor, etc. | Societats |
| Fecha de publicación, distribución, etc. | 1931 |
| 300 ## - DESCRIPCIÓN FÍSICA | |
| Extensión | 480 p. |
| Otras características físicas | il., mapas |
| Dimensiones | 22 cm. |
| 500 ## - NOTA GENERAL | |
| Nota general | P65 |
| 650 14 - PUNTO DE ACCESO ADICIONAL DE MATERIA--TÉRMINO DE MATERIA | |
| Término de materia o nombre geográfico como elemento de entrada | Viajeros alemanes |
| 9 (RLIN) | 7026 |
| 651 #4 - PUNTO DE ACCESO ADICIONAL DE MATERIA--NOMBRE GEOGRÁFICO | |
| Nombre geográfico | America del Sur |
| Subdivisión general | Descripción y viajes |
| 9 (RLIN) | 8178 |
| 902 ## - CATALOGADOR | |
| Iniciales | GFM |
| 942 ## - ELEMENTOS DE PUNTO DE ACCESO ADICIONAL (KOHA) | |
| Fuente del sistema de clasificación o colocación | Library of Congress Classification |
| Tipo de ítem Koha | Libros |
| Estado de retiro | Estado de pérdida | Estado dañado | No para préstamo | Localización permanente | Ubicación/localización actual | Fecha de adquisición | Número de inventario | Total de préstamos | Signatura topográfica completa | Código de barras | Fecha visto por última vez | Precio válido a partir de | Tipo de ítem Koha |
|---|---|---|---|---|---|---|---|---|---|---|---|---|---|
| El ejemplar forma parte de la colección y puede ser consultado según las políticas vigentes. | Biblioteca del Museo Franz Mayer (Rogerio Casas-Alatriste) | Biblioteca del Museo Franz Mayer (Rogerio Casas-Alatriste) | 13/01/2012 | P65 | (P65) | 7625 | 22/03/2019 | 22/03/2019 | Libros |